Score 0/10 Timer 06:00
0 Plays Today
% Correct
Peggy Sue - Buddy Holly
82.7%
La Bamba - Ritchie Valens
81.6%
Johnny B. Goode - Chuck Berry
71.4%
Tequila - The Champs
66.3%
Beyond the Sea - Bobby Darin
60.2%
Rock Around The Clock - Bill Haley and the Comets
58.2%
Great Balls of Fire - Jerry Lee Lewis
54.1%
Heartbreak Hotel - Elvis Presley
54.1%
Summertime Blues - Eddie Cochran
33.7%
I Wonder Why - Dion and the Belmonts
28.6%
Remove Ads.
Support Sporcle.
Get the best of Sporcle when you Go Orange. This ad-free experience offers more features, more stats, and more fun while also helping to support Sporcle. Thank you for becoming a member.

You're not logged in!

Compare scores with friends on all Sporcle quizzes.
OR
Log In

Show Comments

Extras

Top Quizzes Today


Score Distribution

Your Account Isn't Verified!

In order to create a playlist on Sporcle, you need to verify the email address you used during registration. Go to your Sporcle Settings to finish the process.

Report this User

Report this user for behavior that violates our Community Guidelines.

Details: